Maritime transport and regional sustainability / (Record no. 3292)
[ view plain ]
| 000 -LEADER | |
|---|---|
| fixed length control field | 01429cam a2200409 a 4500 |
| 006 - FIXED-LENGTH DATA ELEMENTS--ADDITIONAL MATERIAL CHARACTERISTICS--GENERAL INFORMATION | |
| fixed length control field | m o d |
| 007 - PHYSICAL DESCRIPTION FIXED FIELD--GENERAL INFORMATION | |
| fixed length control field | cr |n||||||||| |
| 008 - FIXED-LENGTH DATA ELEMENTS--GENERAL INFORMATION | |
| fixed length control field | 191120s2019 ne o 000 0 eng d |
| 020 ## - INTERNATIONAL STANDARD BOOK NUMBER | |
| International Standard Book Number | 9780128191354 |
| Qualifying information | (electronic bk.) |
| 020 ## - INTERNATIONAL STANDARD BOOK NUMBER | |
| International Standard Book Number | 012819135X |
| Qualifying information | (electronic bk.) |
| 040 ## - CATALOGING SOURCE | |
| Original cataloging agency | IMU Kochi Library |
| Language of cataloging | eng |
| 041 0# - LANGUAGE CODE | |
| Language code of text/sound track or separate title | eng |
| 082 04 - DEWEY DECIMAL CLASSIFICATION NUMBER | |
| Classification number | 387.5 |
| Edition number | 23 |
| 245 00 - TITLE STATEMENT | |
| Title | Maritime transport and regional sustainability / |
| 260 ## - PUBLICATION, DISTRIBUTION, ETC. (IMPRINT) | |
| Place of publication, distribution, etc | Amsterdam : |
| Name of publisher, distributor, etc | Elsevier, |
| Date of publication, distribution, etc | [2020] |
| 300 ## - PHYSICAL DESCRIPTION | |
| Extent | 1 online resource |
| 650 #0 - SUBJECT ADDED ENTRY--TOPICAL TERM | |
| Topical term or geographic name as entry element | Shipping |
| General subdivision | Environmental aspects. |
| 650 #0 - SUBJECT ADDED ENTRY--TOPICAL TERM | |
| Topical term or geographic name as entry element | Sustainable development. |
| 650 #6 - SUBJECT ADDED ENTRY--TOPICAL TERM | |
| Topical term or geographic name as entry element | D�eveloppement durable. |
| 650 #7 - SUBJECT ADDED ENTRY--TOPICAL TERM | |
| Topical term or geographic name as entry element | sustainable development. |
| Source of heading or term | aat |
| 650 #7 - SUBJECT ADDED ENTRY--TOPICAL TERM | |
| Topical term or geographic name as entry element | Shipping |
| General subdivision | Environmental aspects |
| Source of heading or term | fast |
| 650 #7 - SUBJECT ADDED ENTRY--TOPICAL TERM | |
| Topical term or geographic name as entry element | Sustainable development |
| Source of heading or term | fast |
| 700 1# - ADDED ENTRY--PERSONAL NAME | |
| Personal name | Ng, Koi Yu Adolf, |
| Dates associated with a name | 1978- |
| Relator term | |
| 700 1# - ADDED ENTRY--PERSONAL NAME | |
| Personal name | Monios, Jason, |
| Relator term | |
| 700 1# - ADDED ENTRY--PERSONAL NAME | |
| Personal name | Jiang, Changmin, |
| Relator term | |
| 852 ## - LOCATION/CALL NUMBER | |
| Location | IMU Kochi Library |
| 856 40 - ELECTRONIC LOCATION AND ACCESS | |
| Uniform Resource Identifier | <a href="https://www.sciencedirect.com/science/book/9780128191347">https://www.sciencedirect.com/science/book/9780128191347</a> |
| 904 ## - LOCAL DATA ELEMENT D, LDD (RLIN) | |
| CATALOGER | Rudra Ranjan |
| 905 ## - LOCAL DATA ELEMENT E, LDE (RLIN) | |
| VERIFIER | Rudra Ranjan |
| 942 ## - ADDED ENTRY ELEMENTS (KOHA) | |
| Item type | E-Book |
| 338 ## - | |
| -- | online resource |
| 650 #6 - SUBJECT ADDED ENTRY--TOPICAL TERM | |
| -- | (CaQQLa)201-0207835 |
| 650 #7 - SUBJECT ADDED ENTRY--TOPICAL TERM | |
| -- | (CStmoGRI)aat300180396 |
| 650 #7 - SUBJECT ADDED ENTRY--TOPICAL TERM | |
| -- | (OCoLC)fst01116379 |
| 650 #7 - SUBJECT ADDED ENTRY--TOPICAL TERM | |
| -- | (OCoLC)fst01139731 |
| 700 1# - ADDED ENTRY--PERSONAL NAME | |
| -- | https://id.oclc.org/worldcat/entity/E39PCjrhbdX7DqM8Gx7hyXhCQq |
No items available.